01475nam a2200373Ia 4500001001200000003000800012006001900020007001500039008004100054010001700095020001500112020001800127040002100145035002100166050002500187082001700212100002200229245012900251246003200380260003800412300005500450504005100505533015200556650003000708650005200738650002700790650002500817650004600842655002900888700002400917710001700941856012600958999001701084ebr10607600CaPaEBRm u cr cn|||||||||110218s2011 okuab sb 001 0 eng d z 2011006878 z1593702396 z9781593702397 aCaPaEBRcCaPaEBR a(OCoLC)81201229114aHD62.4b.I515 2011eb04a665.50682221 aInkpen, Andrew C.14aThe global oil & gas industryh[electronic resource] :bmanagement, strategy & finance /cAndrew Inkpen, Michael H. Moffett.3 aGlobal oil and gas industry aTulsa, Okla. :bPennWell,cc2011. axvii, 581 p. :bill. (some col.), maps (some col.) aIncludes bibliographical references and index. aElectronic reproduction.bPalo Alto, Calif. :cebrary,d2011.nAvailable via World Wide Web.nAccess may be limited to ebrary affiliated libraries. 0aGas industryxManagement. 0aInternational business enterprisesxManagement. 0aInternational finance. 0aInternational trade. 0aPetroleum industry and tradexManagement. 7aElectronic books.2local1 aMoffett, Michael H.2 aebrary, Inc.40uhttp://site.ebrary.com/lib/rucke/Doc?id=10607600zAn electronic book accessible through the World Wide Web; click to view c97792d97792